[Event "DVM U10 2013"]
[Site "Magdeburg GER"]
[Date "2013.12.28"]
[Round "4"]
[White "Lehns, Adrian"]
[Black "Schulte gen. Geldermann, Annabel"]
[Result "1-0"]
[Termination "normal"]
[Board "23.4"]
[WhiteElo "758"]
[BlackElo "600"]
[WhiteTeam "SC 1994 Oberland 2"]
[BlackTeam "SG Turm Raesfeld/Erle 2"]
[EventCountry "GER"]
[EventRounds "6"]
[EventType "team-swiss"]
[EventDate "2013.12.27"]

1. e4 e5 2. Nf3 Nc6 3. Bc4 Bc5 4. c3 Nge7 5. d4 exd4 6. cxd4 Bb4+ 7. Nc3 d6 8.
O-O Bg4 9. Be2 O-O 10. Ng5 h6 11. Bxg4 hxg5 12. Bxg5 Qe8 13. a3 Ba5 14. Qd3 Ng6
15. Bf5 Rd8 16. Bxd8 Nxd8 17. b4 Bb6 18. Nd5 Bxd4 19. Qxd4 Nh4 20. Nxc7 Qe7 21.
Nd5 Qg5 22. Ne3 Nc6 23. Qxd6 Rd8 24. Qc5 Nf3+ 25. Kh1 Qh5 26. gxf3 Qxf3+ 27.
Kg1 Rd2 28. Rad1 Ra2 29. Bg4 Qxe4 30. Bf5 Qh4 31. Nd5 Qg5+ 32. Kh1 Qxf5 33. Qe7
Nxe7 34. Nxe7+ Kh7 35. Nxf5 Rxa3 36. Rd4 g6 37. Rh4+ Kg8 38. Rd1 gxf5 39. Rd8+
Kg7 40. Rf4 Ra1+ 41. Kg2 Kg6 42. Rg8+ Kf6 43. Rgg4 b6 44. h4 a5 45. bxa5 Rxa5
46. Rg8 b5 47. h5 Ra4 48. Rxa4 bxa4 49. h6 a3 50. h7 a2 51. h8=Q+ Ke6 52. Qa1
Ke7 53. Qxa2 f6 54. Rg7+ Kf8 55. Rb7 Ke8 56. Qa8# 1-0

[Event "DVM U10 2013"]
[Site "Magdeburg GER"]
[Date "2013.12.28"]
[Round "4"]
[White "Kittelmann, Anton"]
[Black "Frank, Cillian"]
[Result "1-0"]
[Termination "normal"]
[Board "24.1"]
[WhiteElo "867"]
[BlackElo "746"]
[WhiteTeam "SG Blau-Weiß Stadtilm 2"]
[BlackTeam "TuRa Harksheide 2"]
[BlackFideId "16245202"]
[EventCountry "GER"]
[EventRounds "6"]
[EventType "team-swiss"]
[EventDate "2013.12.27"]

1. e4 e5 2. Nf3 Nc6 3. Bc4 Nf6 4. Nc3 Nxe4 5. Nxe4 d5 6. Bd3 dxe4 7. Bxe4 Nd4
8. Nxe5 Qe7 9. O-O Qxe5 10. Qe1 f5 11. Bc6+ Nxc6 12. Qd1 Bd6 13. Re1 Nd4 14.
Rxe5+ Bxe5 15. Qe1 Nc6 16. f4 Nd4 17. Qxe5+ Ne6 18. d4 O-O 19. Qd5 c6 20. Qe5
Bd7 21. Qd6 Rad8 22. d5 cxd5 23. Qxd5 b6 24. b3 Bc8 25. Qf3 Nd4 26. Qd3 Rfe8
27. Bb2 Nc6 28. Qg3 Re7 29. Bf6 Re3 30. Qxg7# 1-0

[Event "DVM U10 2013"]
[Site "Magdeburg GER"]
[Date "2013.12.28"]
[Round "4"]
[White "Löding, Sarah-Marie"]
[Black "Wilhelm, Anna-Lena"]
[Result "0-1"]
[Termination "normal"]
[Board "24.2"]
[WhiteElo "713"]
[BlackElo "793"]
[WhiteTeam "TuRa Harksheide 2"]
[BlackTeam "SG Blau-Weiß Stadtilm 2"]
[WhiteFideId "16245164"]
[BlackFideId "16230094"]
[EventCountry "GER"]
[EventRounds "6"]
[EventType "team-swiss"]
[EventDate "2013.12.27"]

1. d4 d5 2. Nf3 Nc6 3. Nc3 Nf6 4. Bf4 Bf5 5. Nb5 Rc8 6. e3 a6 7. Nc3 e6 8. Bd3
Bb4 9. a3 Bd6 10. Bxd6 Qxd6 11. Nh4 Bg4 12. f3 Bh5 13. O-O O-O 14. Ne2 e5 15.
dxe5 Qxe5 16. Rb1 Qxe3+ 17. Kh1 d4 18. Nf5 Qg5 19. Nexd4 Nxd4 20. Nxd4 Nd5 21.
Qe2 Nf4 22. Qd2 a5 23. Rg1 Qd5 24. Bf5 Rce8 25. Rbe1 Nxg2 26. Kxg2 g6 27. Be4
Qg5+ 28. Kh1 Qxd2 29. Nb3 Qf2 30. Nxa5 Qb6 31. b4 Qf6 32. Ref1 b6 33. Nc6 Qf4
34. Nd4 c5 35. Nc6 f5 36. Bd5+ Kh8 37. bxc5 Re2 38. Rg2 Rxg2 39. Kxg2 Qg5+ 40.
Kh1 bxc5 41. c4 Qd2 42. a4 Qc2 43. a5 Qe2 44. Kg1 Qe3+ 45. Kh1 g5 46. Kg2 Qe2+
47. Rf2 Qd3 48. a6 g4 49. h3 gxf3+ 50. Kg3 f4+ 51. Kh2 Qg6 52. Ne5 Qg3+ 53. Kh1
Qxf2 54. Nd3 Qf1+ 55. Kh2 Qg2# 0-1

[Event "DVM U10 2013"]
[Site "Magdeburg GER"]
[Date "2013.12.28"]
[Round "4"]
[White "Schmidt, Pauline"]
[Black "Rößl, Mira"]
[Result "1-0"]
[Termination "normal"]
[Board "24.3"]
[WhiteElo "729"]
[BlackElo "672"]
[WhiteTeam "SG Blau-Weiß Stadtilm 2"]
[BlackTeam "TuRa Harksheide 2"]
[WhiteFideId "16209850"]
[EventCountry "GER"]
[EventRounds "6"]
[EventType "team-swiss"]
[EventDate "2013.12.27"]

1. e4 e5 2. Nf3 Nc6 3. Bc4 Bc5 4. c3 Nf6 5. d4 exd4 6. cxd4 Bb4+ 7. Bd2 Nxe4 8.
Bxb4 Nxb4 9. Bxf7+ Kxf7 10. Qb3+ d5 11. Qxb4 Rf8 12. O-O Kg8 13. Nbd2 Qd6 14.
Qxd6 cxd6 15. Rae1 Bf5 16. Re3 Rae8 17. Rfe1 Nxd2 18. Nxd2 Rxe3 19. Rxe3 Rc8
20. Rg3 Rc1+ 21. Nf1 b5 22. b4 h5 23. h4 g5 24. hxg5 h4 25. Rf3 Bg4 26. Re3 a6
27. Re8+ Kf7 28. Ra8 h3 29. gxh3 Bxh3 30. Kh2 Bxf1 31. Kg3 Rc3+ 32. Kh4 Kg7 33.
Kg4 Kg6 34. Rg8+ Kh7 35. Rf8 Rd3 36. Kf5 Kg7 37. Rd8 Bh3+ 38. Kf4 Kg6 39. Rxd6+
Kh5 40. Rh6# 1-0